Ο Ρωσσαγγλογάλλος : κριτική έκδοση με επιλεγόμενα

Saved in:
Bibliographic Details
Main Author: Δημαράς, Κωνσταντίνος Θ., 1904-1992
Format: Book
Language:Greek
Published: Αθήνα : Πορεία, 1990
Subjects:
Tags: Add Tag
No Tags, Be the first to tag this record!

MARC

LEADER 00000cam a2200000 i 4500
001 1/6259
008 960625s1990 gr | ||| |||| ||gre||
020 |a 9607043146 
035 |l 10016291 
040 |a GR-MY-UA  |b gre  |e aacr 
041 0 |a gre 
082 0 |a 889.24 
100 1 |a Δημαράς, Κωνσταντίνος Θ.,   |d 1904-1992. 
245 1 2 |a Ο Ρωσσαγγλογάλλος :  |b κριτική έκδοση με επιλεγόμενα /  |c Κ. Θ. Δημαράς 
260 |a Αθήνα :   |b Πορεία,   |c 1990 
300 |a 75 σ.  |b εικ. 
650 0 0 |a Greek literature, Modern  |y 19th century. 
650 0 0 |a Greek drama, Modern  |y 19th century. 
650 0 0 |a Enlightenment  |z Greece. 
852 |a INST  |b LESVOS  |e 19960625  |h 889.24 ΔΗΜ  |p 005100009784  |q 005100009784  |t BK  |y 0 
909 |a Λ  |b 044996 
922 |a 1ΔΩΡ  |b 199604  |c ΤΚΑ